000 01081cam a2200277 a 4500
001 000010636
005 20200929162249.0
008 950814s1991 sp b 001 0dspa
020 _a9802225312
040 _aDO-SdBNP
_bspa
_cLC
_dBNPHU
050 0 0 _aDE7
_b.M67 1995
082 _a949.5
_bM868s
100 1 _aMoron, Guillermo.
_95372
245 1 0 _aSobre griegos y latinos /
_cGuillermo Moron ; compilación y bibliografía R. J. Lovera De Sola ; índices onomástico geográfico y de pasajes citados Blas Bruni Celli.
260 _aCaracas :
_bAcademia Nacional de la Historia,
_c1991.
300 _a450 p. ;
_c24 cm.
490 1 _aBiblioteca de la Academia Nacional de la Historia :
_pCentenario,
_v4
500 _aIncluye referencias bibliográficas y índice.
651 0 _aGreece
_xBiography.
_925736
651 0 _aGreece
_xCivilization.
_925737
651 0 _aRome
_xBiography.
_925738
651 0 _aRome
_xCivilization.
_925739
830 0 _aBiblioteca de la Academia Nacional de la Historia :
_pCentenario,
_v4
_918510
910 _aCatalogación derivada
049 _aBNGR
999 _c10394
_d10394